000 00196nam a22000857a 4500
003 SGT
245 _aGEAR TECHNOLOGY (JAN-OCT)
260 _aNEW DELHI
_bRANDALL PUBLICATIONS LLC
_c2011
942 _2ddc
_cBV
999 _c16907
_d16907